1364 1124 1071 1916 1739 1243 1486 1562 1065 1282 1303 1789 1479 1936 1027 1501 1885 1002 1236 1132 1749 1721 1386 1654 1238 1001 1236 1059 1988 1998 1070 1408 1123 1912 1328 1335 1419 1311 1338 1257 1902 1118 1047 1852 1172 1051 1348 1197 1870 1832 1154 1275 1223 1379 1551 1138 1894 1590 1435 1978 1291 1850 1489 1111 1157 1557 1110 1885 1418 1895 1900 1422 1289 1735 1453 1331 1742 1385 1228 1590 1440 1696 1980 1884 1845 1367 1811 1537 1801 1825 1986 2000 1336 1959 1880 1950 1695 1870 1226 BCNSPRNW ULIB Ver.6.0+V

เปลี่ยนเป็นภาษาไทย

Change to English
 แสดงรายละเอียดบรรณานุกรม
  กลับหน้าหลัก

Brief Record : Get Marc (ISO 2709) : E-mail record : QR code < ปิดหน้าต่าง
LEADER : 00000nam 2200000uu 4500
001    13399113198
003     ULIB
008    111003s2551||||th 000 0 tha d
020    9789742126339
050  4 QA76.75^bภ353ม 2551
100 0  ภัททิรา เหลืองวิลาศ
245 10 มือใหม่ PowerPoint 2007 :^bใช้งานอย่างมือโปร /^cภัททิรา เหลืองวิลาศ
246 30 PowerPoint 2007 :^bใช้งานอย่างมือโปร
260    กรุงเทพฯ :^bซีเอ็ดยูเคชั่น,^c2551
300    398 หน้า :^bภาพประกอบ ;^c23 ซม.
650  4 ไมโครซอฟต์เพาเวอร์พอยท์
650  4 คอมพิวเตอร์กราฟิก
945    ^p179^l0^i024124
995    ทศพร
999 ^a ทศพร
รายการนี้ยังไม่มีแท็ก
คุณยังไม่ได้ล็อกอิน คุณสามารถมีกิจกรรมร่วมกับเว็บไซต์ได้ แต่ต้องล็อกอินก่อน ::
  ล็อกอิน

รายการสื่อสารสนเทศ

ลำดับที่ ประเภท เลขเรียก/บาร์โค้ด สถานที่ สถานะ
- ไม่พบข้อมูล -

รายการใกล้เคียง
    ผู้แต่ง [ภัททิรา เหลืองวิลาศ]

    หัวเรื่อง [ไมโครซอฟต์เพาเวอร์พอยท์]
    หัวเรื่อง [คอมพิวเตอร์กราฟิก]

BibComment


ยังไม่เคยถูกคอมเมนท์

คอมเมนท์ทรัพยากรรายการนี้
  คอมเมนท์: มือใหม่ PowerPoin..


 Copyright 2026. Bcnsprnw @Library